| 000 | 00539nam a22001697a 4500 | ||
|---|---|---|---|
| 003 | DO-SdBNP | ||
| 005 | 20180222095520.0 | ||
| 008 | 180222b dr||||| |||| 00| 0 spa d | ||
| 040 |
_aBPMSU _bspa _cBPMSU |
||
| 110 | _aRepública Dominicana. Secretaría de Estado de Educación y Cultura | ||
| 245 |
_aEducación para la vida : _beje : vida y salud propuestas metodológicas |
||
| 260 |
_aSanto Domingo _bCentro Poveda _c1998 |
||
| 300 |
_a69 p. _c28 cm |
||
| 942 |
_2ddc _cBK |
||
| 945 | _ainventariado, 2018 / dg | ||
| 956 |
_adgarcia _b10 |
||
| 999 |
_c13331 _d13331 |
||